000 00977cam a2200289 a 4500
001 000002825
005 20260521134322.0
008 881222s1993 sp b 001 mcspa
020 _a8485978188
040 _aDO-SdBNP
_bspa
_cBNPHU
082 _a866.08
_bC961z
245 0 0 _aCuadernos de Zenobia y Juan Ramón /
_ceditor Arturo del Villar.
260 _aMadrid :
_bLos Libros de Fausto,
_c1993.
300 _a95 p. ;
_c21 cm.
504 _aIncluye referencias bibliográficas
650 4 _aCartas
_xColecciones
_98880
650 4 _aRelatos
_98943
650 0 _aEnsayos
_98059
600 1 4 _aJIMÉNEZ, JUAN RAMÓN
_d1881-1958.
_98944
600 1 4 _aCAMPRUÍ DE JIMÉNEZ, ZENOBIA
_d1887-1956
_98945
650 4 _aAutores españoles
_ySIGLO 20
_xBiografía
_98946
650 4 _aPoesía española
_9631
700 1 _aCamprubí de Jiménez, Zenobia.
_98947
700 1 _aJiménez, Juan Ramón
_d1881-1958.
_98948
700 1 _aVillar, Arturo del
_d1944-
_eed.
_98949
049 _aBNGR
999 _c2659
_d2659